• 首页
  • 本馆介绍
  • 公告通知
  • 最新文献
  • 馆藏检索
  • 电子资源
  • 读者导购
  • 参考咨询
  • 我的图书馆
  • 登录
  • 详细信息显示
  • 放入我的书架
  • 预约/预借图书
  • 作者相关作品
  • 分类相关作品
  • 丛书相关作品
  • 出版社相关作品

书目信息

  • 表格格式
  • 工作单格式
  • 卡片格式
书名: 社会主义的进取心
作者: 列梅舍夫斯基著.
分册号:
分册名:
出版地: 明斯克 :
 
出版社: 白俄罗斯出版社
出版时间: 1986.
页数: 134 p. ;
开本: 20cm.
丛书名:
中图分类号:
科图分类号:
其他分类号: D507:H35
主题词:
电子资源:
000 00422nam 2200169 a 4500
001 E0757217228
005 20070802155755.04
008 070802s1986 00010 eng
020    @cCNY2.13.
040    @aPFT@bchi
041    @achi@hrus
090    @aD507:H35
099    @dD507:H35@ex40
245 1  @a社会主义的进取心 / @c列梅舍夫斯基著.
260    @a明斯克 :@b白俄罗斯出版社,@c1986.
300    @a134 p. ;@c20cm.
650    @a社会主义
    
    社会主义的进取心 / / 列梅舍夫斯基著.-明斯克 : : 白俄罗斯出版社, , 1986.
    134 p. ; ; 20cm.
    
    
    ISBN CNY2.13.
    
●
相关链接 在E读中查询图书 在五车中查询图书 在当当中查询图书 在豆瓣中查询图书


正题名:社会主义的进取心     索取号:D507:H35/x40         预约/预借

序号 登录号 条形码 馆藏地/架位号 状态 备注
1 14915   300149159   第二样本阅览室/ [索取号:D507:H35/x40] 在馆    
2 14916   300149168   第四借阅区/ [索取号:D507:H35/x40] 在馆    
3 14917   300149177   密集书库/ [索取号:D507:H35/x40] 在馆    
唐山师范学院图书馆 欢迎您!
大连网信软件有限公司© 版权所有